000 01905nam a2200217Ia 4500
003 Ost
005 20260507075656.0
008 260507s9999||||xx |||||||||||||| ||und||
040 _cfsecg
041 _aara
082 _a657.45
100 _aالصحن، عبد الفتاح
_eمؤلف
245 0 _aالرقابة والمراجعة الداخلية على المستوى الجزئى والكلي /
_c عبد الفتاح الصحن
260 _aالاسكندرية:
_bالدار الجامعية,
_c2004
300 _a431 صفحة؛
_bإيضاحات ؛
_c24 سم
520 _aالرقابة والمراجعة الداخلية على المستوى الجزئي: الرقابة، الرقابة من خلال التخطيط، الرقابة من خلال التصميم، الرقابة الداخلية، المراجعة الداخلية، الرقابة الداخلية والمراجعة الداخلية للأصول الثابتة، الرقابة الداخلية والمراجعة الداخلية، الرقابة على العمل والمصروفات، الرقابة على الحسابات الشخصية والنقدية. الرقابة والمراجعة على المستوى الكلي (مستوى وحدات الجهاز الاداري للدولة)، أهمية الرقابة كوظيفة ادارية على المستوى الكلي، الرقابة من خلال التخطيط على المستوى الكلي، الرقابة من خلال تقييم الأداء، المقومات الأساسية الرقابة والمراجعة الحكومية، الرقابة على العمليات في الوحدات الحكومية ودور أجهزة الرقابة في تحفيزها.
653 _aالرقابة المالية
653 _aمراجعة الحسابات
700 _aسرايا، محمد السيد
_eمؤلف ثانوي
942 _cكتاب
999 _c45699
_d45699